Multiple Choice-Stadtquiz Graz - Statistiken

Allgemein
  • Dieses Quiz wurde 32 mal gespielt
  • Das Durchschnittsergebnis liegt bei 6 aus 10
Antwortstatistiken
Frage Antwort % Korrekt
Welcher Fluss fließt mitten durch Graz? Mur
90%
Welches Grazer Schloss gehört zum UNESCO-Welterbe? Eggenberg
80%
Welcher Gipfel ist der Grazer Hausberg? Schöckl
80%
Welches Wahrzeichen befindet sich auf dem Schlossberg? Uhrturm
80%
Welches Bauwerk trägt den Beinamen "Friendly Alien"? Kunsthaus
70%
Welche Firma hat ihren Sitz NICHT in Graz? Brauerei Göss
63%
Welche dieser Anlagen in Graz ist die flächengrößte ihrer Art in Europa? Krankenhaus
53%
Welches Tier befindet sich auf dem Stadtwappen? Panther
53%
Welche Partei stellte in Graz NIE den Bürgermeister? Grüne
43%
Welcher steirische Prominente wurde in Graz geboren? Heinz Fischer
20%
Keine übereinstimmenden Quizze gefunden
Verteilung der Resultate
Anzahl Personen mit jedem Resultat
Perzentil nach korrekt beantworteten Fragen
Ihre Resultats-Entwicklung
Sie haben dieses Quiz noch nicht gespielt